• 首页
  • 本馆介绍
  • 公告通知
  • 最新文献
  • 馆藏检索
  • 电子资源
  • 读者导购
  • 参考咨询
  • 我的图书馆
  • 登录
  • 详细信息显示
  • 放入我的书架
  • 预约/预借图书
  • 作者相关作品
  • 分类相关作品
  • 丛书相关作品
  • 出版社相关作品

书目信息

  • 表格格式
  • 工作单格式
  • 卡片格式
题名:
配电线路施工
    
 
作者: 丁万霞 主编
分册:  
出版信息: 北京   中国铁道出版社  2013
页数: 164页
开本: 26cm
丛书名:
单 册:
中图分类: TM726
科图分类:
主题词: 配电线路--工程施工--高等职业教育--教材 , 配电线路 , 工程施工
电子资源:
ISBN: 978-7-113-15785-2
000 00854nam0 2200241 450
001 2338487242
005 20231130104139.19
010    @a978-7-113-15785-2@dCNY24.00
100    @a20130702d2013 em y0chiy0120 ea
101 0  @achi
102    @aCN@b110000
105    @aa z 000yy
200 1  @a配电线路施工@9pei dian xian lu shi gong@b专著@f丁万霞主编
210    @a北京@c中国铁道出版社@d2013
215    @a164页@c图@d26cm
330    @a本书主要内容包括:低压配电线路施工、中压配电线路施工和高压架空配电线路施工3个学习情境,每个学习情境又分为基础施工、杆塔组立、拉线安装、导线架设和电力电缆线路敷设5个学习子情境。
606 0  @a配电线路@x工程施工@x高等职业教育@j教材
606 0  @a配电线路
606 0  @a工程施工
690    @aTM726@v5
701  0 @a丁万霞@9ding wan xia@c(女,@f1965 )@4主编
801  2 @aCN@b58marc.cn@c20150101
905    @aBZT@dTM726@e10
    
    配电线路施工/丁万霞主编.-北京:中国铁道出版社,2013
    164页:图;26cm
    
    
    ISBN 978-7-113-15785-2:CNY24.00
    本书主要内容包括:低压配电线路施工、中压配电线路施工和高压架空配电线路施工3个学习情境,每个学习情境又分为基础施工、杆塔组立、拉线安装、导线架设和电力电缆线路敷设5个学习子情境。
●
相关链接 在五车中查询图书 在当当中查询图书 在豆瓣中查询图书


正题名:配电线路施工     索取号:TM726/10         预约/预借

序号 登录号 条形码 馆藏地/架位号 状态 备注
1 2001239204   2001239204   中教(第二批第二书库)/山东中教(第二批)/2512/ [索取号:TM726/10] 在馆    
2 2001239205   2001239205   中教(第二批第二书库)/山东中教(第二批)/2512/ [索取号:TM726/10] 在馆    
3 2001239206   2001239206   中教(第二批第二书库)/山东中教(第二批)/2512/ [索取号:TM726/10] 在馆    
4 2001239207   2001239207   中教(第二批第二书库)/山东中教(第二批)/2512/ [索取号:TM726/10] 在馆    
5 2001239208   2001239208   中教(第二批第二书库)/山东中教(第二批)/2512/ [索取号:TM726/10] 在馆    
6 2001239209   2001239209   中教(第二批第二书库)/山东中教(第二批)/2512/ [索取号:TM726/10] 在馆    
7 2001239210   2001239210   中教(第二批第二书库)/山东中教(第二批)/2512/ [索取号:TM726/10] 在馆    
8 2001239211   2001239211   中教(第二批第二书库)/山东中教(第二批)/2512/ [索取号:TM726/10] 在馆    
9 2001239212   2001239212   中教(第二批第二书库)/山东中教(第二批)/2512/ [索取号:TM726/10] 在馆    
10 2001239213   2001239213   中教(第二批第二书库)/山东中教(第二批)/2512/ [索取号:TM726/10] 在馆    
11 2001239214   2001239214   中教(第二批第二书库)/山东中教(第二批)/2512/ [索取号:TM726/10] 在馆    
12 2001239215   2001239215   中教(第二批第二书库)/山东中教(第二批)/2512/ [索取号:TM726/10] 在馆    
13 2001239216   2001239216   中教(第二批第二书库)/山东中教(第二批)/2512/ [索取号:TM726/10] 在馆    
14 2001239217   2001239217   中教(第二批第二书库)/山东中教(第二批)/2512/ [索取号:TM726/10] 在馆    
15 2001239218   2001239218   中教(第二批第二书库)/山东中教(第二批)/2512/ [索取号:TM726/10] 在馆    
16 2001239219   2001239219   中教(第二批第二书库)/山东中教(第二批)/2512/ [索取号:TM726/10] 在馆    
17 2001239220   2001239220   中教(第二批第二书库)/山东中教(第二批)/2512/ [索取号:TM726/10] 在馆    
18 2001239221   2001239221   中教(第二批第二书库)/山东中教(第二批)/2512/ [索取号:TM726/10] 在馆    
19 2001239222   2001239222   中教(第二批第二书库)/山东中教(第二批)/2512/ [索取号:TM726/10] 在馆    
20 2001239223   2001239223   中教(第二批第二书库)/山东中教(第二批)/2512/ [索取号:TM726/10] 在馆    
21 2001239224   2001239224   中教(第二批第二书库)/山东中教(第二批)/2512/ [索取号:TM726/10] 在馆    
22 2001239225   2001239225   中教(第二批第二书库)/山东中教(第二批)/2512/ [索取号:TM726/10] 在馆    
23 2001239226   2001239226   中教(第二批第二书库)/山东中教(第二批)/2512/ [索取号:TM726/10] 在馆    
24 2001239227   2001239227   中教(第二批第二书库)/山东中教(第二批)/2512/ [索取号:TM726/10] 在馆    
25 2001239228   2001239228   中教(第二批第二书库)/山东中教(第二批)/2512/ [索取号:TM726/10] 在馆    
26 2001239229   2001239229   中教(第二批第二书库)/山东中教(第二批)/2512/ [索取号:TM726/10] 在馆    
27 2001239230   2001239230   中教(第二批第二书库)/山东中教(第二批)/2512/ [索取号:TM726/10] 在馆    
28 2001239231   2001239231   中教(第二批第二书库)/山东中教(第二批)/2512/ [索取号:TM726/10] 在馆    
29 2001239232   2001239232   中教(第二批第二书库)/山东中教(第二批)/2512/ [索取号:TM726/10] 在馆    
30 2001239233   2001239233   中教(第二批第二书库)/山东中教(第二批)/2512/ [索取号:TM726/10] 在馆    
山东省滨州职业学院图书馆 欢迎您!
大连网信软件有限公司© 版权所有